Svetelné znečistenie vybraných lokalít v Trnavskom kraji a jeho dopad na kvalitu života

Salvato in:
Dettagli Bibliografici
Autore principale: Nečas, Aleš (Autore)
Altri autori: Martinka, Jozef (Relatore della tesi)
Natura: Manoscritto Libro
Lingua:slovacco
Pubblicazione: 2017
Soggetti:
Accesso online:http://is.stuba.sk/zp/portal_zp.pl?podrobnosti=119164
Tags: Aggiungi Tag
Nessun Tag, puoi essere il primo ad aggiungerne!!

MARC

LEADER 00000ntm a22000003a 4500
001 stuzp58051
003 SK-STU
005 20170603210211.4
007 ta
008 150427s2015----xo-----f-mn---000-0-slo-d
040 |a STU  |b slo 
041 0 |a slo 
100 1 |a Nečas, Aleš  |u 065000  |4 aut  |U MTF Materiálovotechnologická fakulta  |T MTF Ústav integrovanej bezpečnosti  |X 76739  |U M5000  |Y 85  |7 76739 
242 0 1 |a Light Pollution of Selected Locations in Trnava Region and Its Impact on Quality of Life  |y eng 
245 1 0 |a Svetelné znečistenie vybraných lokalít v Trnavskom kraji a jeho dopad na kvalitu života 
260 |c 2017 
650 4 |a závojový jas  |2 slo 
650 4 |a svetelný smog  |2 slo 
650 4 |a rušivé svetlo  |2 slo 
650 4 |a melatonín  |2 slo 
650 4 |a sky glow  |2 eng 
650 4 |a melatonin  |2 eng 
650 4 |a disturbing light  |2 eng 
650 4 |a light pollution  |2 eng 
700 1 |a Martinka, Jozef  |u 065300  |k Z1  |4 ths  |U MTF Ústav integrovanej bezpečnosti  |T MTF Katedra požiarneho inžinierstva  |X 45163  |U M5300  |Y 193  |7 A000045163 
856 4 |u http://is.stuba.sk/zp/portal_zp.pl?podrobnosti=119164 
996 |c M* DP-13160  |l MMSKP  |s P  |a 0  |w stuzp58051_0001